[Event "Open ch-NOR"]
[Site "Oslo NOR"]
[Date "2004.04.04"]
[Round "2"]
[White "Kuttruf,A"]
[Black "Sousa,H"]
[Result "0-1"]
[WhiteElo "2008"]
[BlackElo "2096"]

1.c4 e5 2.g3 g6 3.Bg2 Bg7 4.Nc3 d6 5.e4 Nf6 6.Nge2 O-O 7.d3 c6 8.O-O a5 9.h3 Ne8
10.Be3 f5 11.Qd2 Be6 12.Bh6 Nf6 13.Bxg7 Kxg7 14.exf5 gxf5 15.f4 Nbd7 16.Kh2 Qe8
17.b3 Qh5 18.fxe5 dxe5 19.d4 Rad8 20.Bf3 Ng4+ 21.Kg2 e4 22.Nf4 exf3+ 23.Rxf3 Qh6
24.Nxe6+ Qxe6 25.hxg4 fxg4 26.Re3 Qf5 27.Rae1 Rf7 28.Re7 Qf3+ 29.Kh2 Rf8
30.Rxf7+ Rxf7 31.Qg5+ Kh8 32.Ne4 Rf5 33.Qd8+ Nf8 34.Qe8 Qd3 35.Qd8 Qf3 36.Qe8 Kg7
37.Qe7+ Kh6 38.Qd6+ Ng6 39.Kg1 Rh5 40.Nf2 Rh3 41.Qe6 Rxg3+ 42.Kf1 Qg2+ 43.Ke2 Kg5
44.Qe4 Rf3 45.Qxg4+ Qxg4 46.Nxg4 Kxg4 47.Rh1 Nf4+ 48.Ke1 h5 49.Rh2 h4 50.Rd2 Rd3  0-1

[Event "Open ch-NOR"]
[Site "Oslo NOR"]
[Date "2004.04.09"]
[Round "7"]
[White "Svendsen,B"]
[Black "Alvir,A"]
[Result "0-1"]
[WhiteElo "2135"]
[BlackElo "2374"]

1.c4 e5 2.g3 Nf6 3.Bg2 d5 4.cxd5 Nxd5 5.Nc3 Nb6 6.Nf3 Nc6 7.O-O Be7 8.d3 O-O
9.Nd2 Be6 10.b3 Qd7 11.Nc4 Bh3 12.Nxb6 axb6 13.Nd5 Bd6 14.Bxh3 Qxh3 15.e3 Rfd8
16.Qe2 Qd7 17.Bb2 Bc5 18.e4 Ne7 19.Nxe7+ Qxe7 20.Bc3 Rd7 21.Rfd1 Rad8 22.Rab1 b5
23.a4 b4 24.Be1 Bd4 25.Kg2 c5 26.Qc2 Rd6 27.f3 Qd7 28.Bd2 b5 29.axb5 Qxb5
30.f4 f6 31.Rbc1 Ra6 32.fxe5 fxe5 33.Bg5 Rda8 34.Qe2 h6 35.Be3 Bc3 36.Qg4 Rd8
37.h4 Ra2+ 38.Kh3 Qd7 39.Qxd7 Rxd7 40.h5 Ra5 41.Kg4 Ra3 42.Bxc5 Rxb3 43.Rb1 Rxb1
44.Rxb1 Rb7 45.Rb3 Rb5 46.Bd6 Kf7 47.Kf5 Be1 48.Rb1 Bd2 49.Rb2 Bc3 50.Rb3 Rb7
51.Bc5 Rb8 52.Be3 Rb5 53.Bc1 Rb6 54.Be3 Rc6 55.Rb1 Ke7 56.Kg4 Kd6 57.Bf2 Rc7
58.Be3 Rc8 59.Bf2 Rf8 60.Be3 Kc6 61.Rd1 Rd8 62.Kf5 Rd6 63.Kg4 Kb5 64.Kf3 b3
65.Bc1 Kb4 66.Ke2 Ra6  0-1

[Event "Open ch-NOR"]
[Site "Oslo NOR"]
[Date "2004.04.11"]
[Round "9"]
[White "Svendsen,B"]
[Black "Hagesaether,T"]
[Result "1-0"]
[WhiteElo "2135"]
[BlackElo "2013"]

1.c4 e5 2.g3 c6 3.d4 exd4 4.Qxd4 d5 5.cxd5 cxd5 6.Bg2 Nf6 7.Nf3 Nc6 8.Qa4 Bc5
9.O-O O-O 10.Bg5 Be6 11.Nc3 h6 12.Bxf6 Qxf6 13.Qb5 Qe7 14.Rac1 a6 15.Qa4 Rfd8
16.Rfd1 Rac8 17.e3 Rc7 18.a3 Rcd7 19.Ne2 Ba7 20.Rd2 Qf6 21.Rcd1 Bb8 22.Ned4 Ne7
23.Qb3 Be5 24.Nxe6 fxe6 25.e4 Bb8 26.exd5 exd5 27.Nd4 Kh8 28.Bh3 Rd6 29.Re1 b5
30.Ne6 Rg8 31.Nf4 Qg5 32.Rde2 Nc6 33.Qd3 Ba7 34.Be6 Rxe6 35.Rxe6 Rc8 36.Re8+  1-0

[Event "It"]
[Site "Indjija SCG"]
[Date "2004.04.17"]
[Round "7"]
[White "Grujic,Z"]
[Black "Ilincic,Z"]
[Result "0-1"]
[WhiteElo "2391"]
[BlackElo "2538"]

1.c4 e5 2.g3 Nf6 3.Bg2 d5 4.cxd5 Nxd5 5.Nf3 Nc6 6.d3 Be7 7.O-O O-O 8.a3 a5
9.Nbd2 a4 10.Qc2 Re8 11.e3 Nb6 12.Rd1 Be6 13.b4 axb3 14.Nxb3 Ra6 15.d4 e4
16.Nfd2 f5 17.Nc5 Bxc5 18.dxc5 Nd5 19.Bb2 Qe7 20.Bf1 Ra7 21.Bb5 Ra5 22.a4 Ncb4
23.Qb1 c6 24.Bc4 Rea8 25.Bd4 Rxa4 26.Rxa4 Rxa4 27.Qb3 Ra7 28.Rb1 h6 29.Bc3 Nd3
30.Bxd5 Bxd5 31.Qb6 Qxc5 32.Qd8+ Qf8 33.Qc7 Bf7 34.Qd7 Ra3  0-1

[Event "6th Open"]
[Site "Dubai UAE"]
[Date "2004.04.21"]
[Round "3"]
[White "Nadera,B"]
[Black "Ganguly,S"]
[Result "1/2-1/2"]
[WhiteElo "2390"]
[BlackElo "2582"]

1.c4 e5 2.g3 Nf6 3.Bg2 d5 4.cxd5 Nxd5 5.Nc3 Nb6 6.Nf3 Nc6 7.a3 Be6 8.d3 Be7
9.O-O O-O 10.b4 a5 11.b5 Nd4 12.Rb1 f6 13.Nxd4 exd4 14.Na4 Bd5 15.Bh3 Qe8
16.Re1 Qf7 17.Qc2 f5 18.Nc5 Bd6 19.Bb2 Qh5 20.Bg2 f4 21.Ne4 fxg3 22.fxg3 Bxe4
23.dxe4 Bc5 24.Rbc1 Nd7  1/2-1/2

[Event "6th Open"]
[Site "Dubai UAE"]
[Date "2004.04.23"]
[Round "5"]
[White "Ghaem Maghami,E"]
[Black "Shetty,R"]
[Result "1/2-1/2"]
[WhiteElo "2558"]
[BlackElo "2367"]

1.c4 e5 2.g3 Nf6 3.Bg2 Bc5 4.Nc3 O-O 5.e3 Re8 6.Nge2 e4 7.O-O c6 8.d3 exd3
9.Qxd3 a5 10.b3 Na6 11.Bb2 Bf8 12.Rad1 d6 13.h3 Nc5 14.Qc2 Bd7 15.Nd4 Qb6
16.g4 h6 17.Nf5 Bxf5 18.Qxf5 Re6 19.Ne2 Nfd7 20.Nf4 Ree8 21.h4 Ne5 22.h5 Qd8
23.Bd4 Qg5 24.Qxg5 hxg5 25.Nh3 f6 26.f3 a4 27.b4 Na6 28.b5 Nb4 29.bxc6 bxc6
30.f4  1/2-1/2

[Event "7th St Quentin Open"]
[Site "Elancourt FRA"]
[Date "2004.04.23"]
[Round "7"]
[White "Gidel,J"]
[Black "Lallemand,R"]
[Result "0-1"]
[WhiteElo "2137"]
[BlackElo "2277"]

1.c4 e5 2.g3 Nc6 3.Bg2 f5 4.Nc3 Nf6 5.a3 g6 6.d3 Bg7 7.e4 d6 8.Nge2 O-O 9.O-O Nd4
10.f3 c6 11.Nxd4 exd4 12.Ne2 fxe4 13.dxe4 c5 14.Nf4 Rb8 15.Nd3 b5 16.Qc2 Be6
17.b3 bxc4 18.bxc4 Qb6 19.Bf4 Nd7 20.Rfc1 Qa6 21.a4 Rb7 22.a5 Rfb8 23.Ra3 Be5
24.Qa2 Bf6 25.g4 g5 26.Bg3 Be5 27.Rc2 Bxg3 28.hxg3 Rb1+ 29.Kf2 Ne5 30.Nxe5 dxe5
31.Bf1 Bd7 32.Kg1 R8b4 33.Kg2 Qb7 34.a6 Qb6 35.Kg1 Kg7 36.Ra5 h5 37.Rh2 Rxf1+
38.Kxf1 Rb1+  0-1

[Event "ch-LTU"]
[Site "Vilnius LTU"]
[Date "2004.04.24"]
[Round "2"]
[White "Sarakauskas,G"]
[Black "Asauskas,H"]
[Result "1-0"]
[WhiteElo "2430"]
[BlackElo "2358"]

1.c4 e5 2.g3 c6 3.d4 exd4 4.Qxd4 d5 5.Bg2 Nf6 6.Nf3 Be6 7.Ng5 Qb6 8.Nxe6 fxe6
9.Qxb6 axb6 10.Nd2 Bb4 11.O-O Bxd2 12.Bxd2 dxc4 13.a4 Kf7 14.Rfc1 Rd8 15.Be3 Nd5
16.Bg5 Rd7 17.Rxc4 h6 18.Bf4 b5 19.Re4 Nxf4 20.Rxf4+ Ke7 21.b3 Ra5 22.h4 Na6
23.Rg4 Kd8 24.Be4 bxa4 25.Rxa4 Rxa4 26.bxa4 Nc5 27.Bc2 Kc7 28.Kf1 Kb6 29.Ke1 e5
30.Rb4+ Ka5 31.Rc4 b6 32.e3 Rd6 33.Ke2 Rd5 34.Rg4 Rd7 35.Rc4 Rc7 36.f4 exf4
37.gxf4 Na6 38.e4 Nb4 39.Bb3 c5 40.e5 Nc6 41.Ke3 Nd4 42.Bd1 g6 43.h5 Nf5+
44.Ke4 Ng3+ 45.Kd5 Rd7+ 46.Ke6 Rxd1 47.hxg6 Nh5 48.f5 Rd4 49.Rxd4 cxd4 50.f6 d3
51.g7 d2 52.g8=Q d1=Q 53.Qa8+ Kb4 54.Qe4+ Ka3 55.f7 Qb3+ 56.Ke7 Ng3 57.Qf4 Ne2
58.Qd2  1-0

[Event "7th St Quentin Open"]
[Site "Elancourt FRA"]
[Date "2004.04.25"]
[Round "9"]
[White "Gidel,J"]
[Black "Oger,C"]
[Result "1-0"]
[WhiteElo "2137"]
[BlackElo "2046"]

1.c4 e5 2.g3 g6 3.Bg2 Bg7 4.Nc3 d6 5.e4 f5 6.d3 Nf6 7.Nge2 c6 8.O-O O-O 9.f3 Be6
10.b3 Qd7 11.Be3 Na6 12.exf5 Bxf5 13.d4 exd4 14.Bxd4 Nb4 15.g4 Bd3 16.a3 Bxe2
17.Nxe2 Na6 18.Qd2 Nc7 19.Rad1 d5 20.Bf2 Rf7 21.Ng3 dxc4 22.Qc1 Qe8 23.bxc4 Qf8
24.g5 Nd7 25.Ne4 Ne5 26.Bg3 Ne6 27.Nf6+ Bxf6 28.gxf6 Qc5+ 29.Kh1 Rxf6 30.Qc3 Rf5
31.Rfe1 Nxc4 32.Rxe6 Nxa3 33.Qb2 Qc2 34.Qxc2 Nxc2 35.Rd7 Rf7 36.Ree7 Rxe7
37.Rxe7 Rd8 38.Bh3 Kf8 39.Rxb7 Rd1+ 40.Kg2 Rd2+ 41.Kf1 a5 42.Ra7 Rd5 43.Be6 Rd1+
44.Kg2 c5 45.Rxa5 c4 46.Rc5 Rd4 47.Bf2 Rd2 48.Kg3 h5 49.Rxc4 Ke7 50.Bh3 g5
51.Re4+ Kf6 52.Bc8 h4+ 53.Kg2 Rd8 54.Bg4 Rd2 55.Re6+ Kf7 56.Kf1 Kg7 57.Re2 Rd1+
58.Kg2 Nb4 59.Be3 Kg6 60.Rb2 Nd5 61.Bd2 Nf6 62.Be6 Nh5 63.Bb3 Ra1 64.Bc2+ Kf6
65.Rb6+  1-0

[Event "FSIM May"]
[Site "Budapest HUN"]
[Date "2004.05.06"]
[Round "6"]
[White "Kaposztas,M"]
[Black "Werner,Di"]
[Result "1/2-1/2"]
[WhiteElo "2245"]
[BlackElo "2362"]

1.c4 e5 2.g3 c6 3.Bg2 d6 4.Nc3 Be6 5.b3 d5 6.cxd5 cxd5 7.d3 Nc6 8.Nf3 f6
9.O-O Nge7 10.d4 e4 11.Ne1 Nf5 12.e3 Nh6 13.Bb2 f5 14.Rc1 Rc8 15.Nc2 Bd6
16.f3 O-O 17.fxe4 fxe4 18.Rxf8+ Bxf8 19.Qf1 Ng4 20.h3 Nf6 21.Ne2 Bd6 22.Nf4 Bf7
23.Qb5 g5 24.Ne2 Bh5 25.Nc3 a6 26.Qxb7 Bxg3 27.Qxa6 Qd7 28.Rf1 Rf8 29.Ba3 Rf7
30.Na4 Bb8 31.Nb6 Qc7 32.Qc8+ Qxc8 33.Nxc8 Be2 34.Rf5 h6 35.Nd6 Bxd6 36.Bxd6 Bd3
37.Nb4 Nxb4 38.Bxb4 Kg7 39.Bc5 Kg6 40.Re5 Rb7 41.b4 Bc4 42.a4 Nd7 43.Re6+ Kf5
44.Rxh6  1/2-1/2

[Event "FSGM May"]
[Site "Budapest HUN"]
[Date "2004.05.08"]
[Round "8"]
[White "Karatorossian,D"]
[Black "Jakobsen,O"]
[Result "1-0"]
[WhiteElo "2401"]
[BlackElo "2391"]

1.c4 e5 2.g3 Nf6 3.Bg2 d5 4.cxd5 Nxd5 5.Nc3 Nb6 6.Nf3 Nc6 7.O-O Be7 8.d3 O-O
9.a3 Be6 10.b4 a5 11.b5 Nd4 12.Nd2 a4 13.Bxb7 Ra5 14.Rb1 Qe8 15.Bg2 Nxb5
16.Nxb5 Rxb5 17.Qc2 c5 18.Bb2 f6 19.Bc3 Nd5 20.Nc4 Qb8 21.Rxb5 Qxb5 22.Rb1 Qa6
23.Bd2 Qa7 24.Qb2 Re8 25.Qb7 Qxb7 26.Rxb7 Kf8 27.e4 Rc8 28.Rb1 Nc7 29.Nb6 Rb8
30.Nd7+ Bxd7 31.Rxb8+ Be8 32.Bh3 Kf7 33.Bg4 Nb5 34.Bd1 Nd4 35.Be3 Bc6 36.Bxd4 cxd4
37.Rb6 Bd7 38.Kf1 g5 39.Bh5+ Kf8 40.Rb8+ Kg7 41.Rb7 Bh3+ 42.Ke2 Kf8 43.g4 Bxa3
44.Ra7 Bc1 45.Rxa4 Bf4 46.Ra7 Kg8 47.Bf7+ Kf8 48.Be6 h5 49.f3 h4 50.Rf7+ Ke8
51.Rxf6 Bxh2 52.Kf2 Bf4 53.Rxf4 exf4 54.Bb3 Ke7 55.Bd1 Kf6 56.Kg1 Ke5 57.Be2 Ke6
58.Kh2 Bxg4 59.fxg4 Ke5 60.Kg2 Ke6 61.Bf3 Ke5 62.Kf2 Ke6 63.Ke2 Kd6 64.Kd2 Ke6
65.Kc2 Kd6 66.Kb3 Ke5 67.Kc4 h3 68.Kc5 h2 69.Kc4  1-0

[Event "1st Open"]
[Site "Kranj SLO"]
[Date "2004.05.09"]
[Round "4"]
[White "Gombac,Jan"]
[Black "Jeric,S"]
[Result "0-1"]
[WhiteElo "2227"]
[BlackElo "2305"]

1.g3 e5 2.c4 c6 3.Nf3 e4 4.Nd4 d5 5.cxd5 cxd5 6.d3 Nf6 7.Nc3 Bc5 8.Nb3 Bb4
9.Bg2 O-O 10.O-O Bf5 11.Bg5 Be7 12.Bxf6 Bxf6 13.dxe4 dxe4 14.Qc2 Bxc3 15.Qxc3 Nd7
16.Rfd1 Qe7 17.Qc7 Rab8 18.Rac1 Rfe8 19.Nd4 Bg6 20.Nb5 Nf8 21.Qxe7 Rxe7 22.Nxa7 Bh5
23.Nc8 Re8 24.Nd6 Red8 25.Kf1 Ne6 26.Bxe4 Rd7 27.Nxb7 Re7 28.Rd2 f5 29.Bd5 Rbxb7
30.Rc6 Rbd7 31.Bxe6+ Rxe6 32.Rc8+ Re8 33.Rxe8+ Bxe8 34.Rxd7 Bxd7 35.e3 Kf7
36.Ke2 Ke6 37.Kd3 Kd5 38.b3 Bb5+ 39.Kc3 Ke4 40.a4 Bf1 41.f4 Kxe3 42.b4 h6
43.h4 Kf3 44.b5 Kxg3 45.Kb4 Kxf4 46.b6 Ba6 47.Ka5 Bb7 48.Kb5 Ke5 49.a5 Kd6
50.a6 Bc6+ 51.Kc4 g5 52.Kd4 gxh4 53.Ke3 h3 54.b7 Kc7  0-1

[Event "29th Elekes Mem GM"]
[Site "Budapest HUN"]
[Date "2004.05.15"]
[Round "1"]
[White "Galyas,M"]
[Black "Anka,E"]
[Result "1/2-1/2"]
[WhiteElo "2441"]
[BlackElo "2422"]

1.c4 e5 2.g3 Nf6 3.Bg2 d5 4.cxd5 Nxd5 5.Nf3 Nc6 6.O-O Nb6 7.d3 Be7 8.Nbd2 O-O
9.a3 a5 10.b3 Be6 11.Bb2 f6 12.Qc2 Qd7 13.Rfd1 Rfd8 14.Nc4 Qe8 15.Nxb6 cxb6
16.d4 Rac8 17.dxe5 Nxe5 18.Rxd8 Qxd8 19.Qe4 Bd5 20.Qf5 Nxf3+ 21.Bxf3 Bxf3
22.exf3 Rc5 23.Qe6+ Kf8 24.Re1 Rd5 25.Kg2 Bc5 26.Re2 Qd7 27.Qe4 Rd2 28.Bc1 Rxe2
29.Qxe2 Qd5 30.Qc2 b5 31.Qxh7 Qxb3 32.Qf5 Bxa3 33.Bxa3+ Qxa3 34.Qc8+ Kf7
35.Qxb7+ Kg8  1/2-1/2

[Event "Capablanca Mem Premier II"]
[Site "Havana CUB"]
[Date "2004.05.19"]
[Round "13"]
[White "Borges Mateos,J"]
[Black "Zambrana,O"]
[Result "0-1"]
[WhiteElo "2426"]
[BlackElo "2472"]

1.c4 e5 2.g3 Nf6 3.Bg2 d5 4.cxd5 Nxd5 5.Nc3 Nb6 6.Nf3 Nc6 7.O-O Be7 8.b3 O-O
9.Bb2 Be6 10.d4 exd4 11.Nb5 Bd5 12.Nbxd4 Nxd4 13.Nxd4 Bxg2 14.Kxg2 Bf6 15.Qc2 Bxd4
16.Rad1 Qd5+  0-1

[Event "TCh-NOR Final"]
[Site "Trondheim NOR"]
[Date "2004.05.19"]
[Round "1"]
[White "Fossum,Oy"]
[Black "Vestly,J"]
[Result "1/2-1/2"]
[WhiteElo "2195"]
[BlackElo "2151"]

1.c4 e5 2.g3 Nc6 3.Bg2 g6 4.Nc3 Bg7 5.e4 d6 6.Nge2 Be6 7.d3 Qd7 8.O-O h5
9.h4 Bh3 10.Nd5 Bxg2 11.Kxg2 Nd4 12.Nxd4 exd4 13.b4 c6 14.Nf4 Ne7 15.Bb2 O-O
16.Qf3 Rad8 17.Rfe1 Be5 18.Ne2 c5 19.bxc5 dxc5  1/2-1/2

[Event "3rd ACP Blitz Prelim3"]
[Site "playchess.com INT"]
[Date "2004.06.02"]
[Round "8"]
[White "Bauer,Ch"]
[Black "Fontaine,R"]
[Result "0-1"]
[WhiteElo "2595"]
[BlackElo "2525"]

1.c4 e5 2.g3 Nc6 3.Bg2 Nf6 4.Nf3 Bc5 5.Nxe5 Nxe5 6.d4 Bb4+ 7.Bd2 Bxd2+ 8.Nxd2 Ng6
9.e4 d6 10.O-O O-O 11.f4 c5 12.d5 Re8 13.h3 b5 14.cxb5 a6 15.bxa6 Bxa6 16.Re1 Qb6
17.Qc2 c4+ 18.Kh2 Rac8 19.Nf3 h5 20.Rad1 h4 21.Nxh4 Nxh4 22.gxh4 Nh5 23.Qd2 Qd8
24.e5 Qxh4 25.exd6 Rxe1 26.Rxe1 Rd8 27.d7 Rxd7 28.Re8+ Kh7 29.Be4+ g6 30.f5 Qg3+
31.Kh1 Qxh3+ 32.Kg1 Qg4+ 33.Qg2 Qxg2+ 34.Kxg2 Nf6 35.fxg6+ fxg6 36.Re6 Nxe4
37.Rxa6 Rxd5 38.Rc6 Rc5 39.Re6 Ng5 40.Re7+ Kh6 41.Re3 Ra5 42.a3 Rb5 43.Re2 Nf7
44.Kf3 g5 45.Rh2+ Kg6 46.Rc2 Kf5 47.Ke3 Ne5 48.Kd4 Rb3 49.Rf2+ Rf3 50.Rxf3+ Nxf3+
51.Kxc4 g4 52.a4 g3 53.a5 g2 54.a6 g1=Q 55.a7 Qxa7  0-1

[Event "Dake Mem"]
[Site "McMinnville USA"]
[Date "2004.06.11"]
[Round "7"]
[White "Raptis,N"]
[Black "Harmon,C"]
[Result "1-0"]
[WhiteElo "2262"]
[BlackElo "2184"]

1.g3 e5 2.c4 Nf6 3.Bg2 d5 4.cxd5 Nxd5 5.Nf3 Nc6 6.Nc3 Nb6 7.O-O Be7 8.d3 O-O
9.a3 Re8 10.b4 Bf8 11.Bb2 Bg4 12.h3 Be6 13.Ne4 f6 14.Nc5 Bxc5 15.bxc5 Nd5
16.e4 Nde7 17.d4 exd4 18.Nxd4 Nxd4 19.Qxd4 Qxd4 20.Bxd4 Rad8 21.Bc3 Nc6 22.Rab1 Rd3
23.Rfc1 Bc8 24.Bf1 Rdd8 25.Bc4+ Kf8 26.Bd5 Rd7 27.Bd2 g5 28.Bc3 Ke7 29.Re1 Nd8
30.g4 c6 31.Bc4 Ne6 32.e5 Nxc5 33.exf6+ Kf8 34.Rxe8+ Kxe8 35.f7+ Rxf7 36.Bxf7+ Kxf7
37.Bd4 Ne6 38.Bxa7 Nf4 39.Be3 Nxh3+ 40.Kg2 Bxg4 41.Rxb7+ Ke6 42.a4 h5 43.a5 Kd6
44.a6 Bc8 45.Rb6 Nxf2 46.a7  1-0

[Event "National Open Blitz"]
[Site "Las Vegas USA"]
[Date "2004.06.17"]
[Round "7"]
[White "Kurosaki,T"]
[Black "Fridman,D2"]
[Result "0-1"]
[WhiteElo "2076"]
[BlackElo "2594"]

1.c4 e5 2.g3 Nf6 3.Bg2 c6 4.a3 d5 5.cxd5 cxd5 6.d4 exd4 7.Nf3 Nc6 8.O-O Qb6
9.Nbd2 Na5 10.b4 Nc4 11.Nxc4 dxc4 12.Nxd4 Bd7 13.Be3 Ng4 14.Bf4 Be7 15.h3 Nf6
16.Be3 Qc7 17.Qc2 Rc8 18.Rac1 O-O 19.Nf5 Bxf5 20.Qxf5 a6 21.Bd4 b5 22.Bxf6 Bxf6
23.Be4 Rfe8 24.Qxh7+ Kf8 25.Qh8+ Ke7 26.Qh5 Rcd8 27.Rfd1 Qe5 28.Qxe5+ Bxe5
29.Bc6 Rh8 30.Kg2 Bb2 31.Rb1 c3 32.Be4 Bxa3 33.Bc2 Rxd1 34.Rxd1 Bxb4 35.Bd3 Rc8
36.Kf3 a5 37.Rc1 Ba3 38.Rc2 b4 39.Ra2 b3 40.Rxa3 c2  0-1

[Event "XVIII Open"]
[Site "Pula CRO"]
[Date "2004.06.20"]
[Round "1"]
[White "Bogdanovski,V"]
[Black "Novak,K"]
[Result "1-0"]
[WhiteElo "2451"]
[BlackElo "2110"]

1.c4 e5 2.g3 Nf6 3.Bg2 d5 4.cxd5 Nxd5 5.Nf3 Nc6 6.O-O Be7 7.d4 exd4 8.Nxd4 Nxd4
9.Qxd4 Nf6 10.Qxd8+ Bxd8 11.Nc3 c6 12.b4 O-O 13.Be3 Bb6 14.Bxb6 axb6 15.a4 Be6
16.b5 Rfd8 17.Rfb1 Rab8 18.Rb2 Nd5 19.Nxd5 Bxd5 20.bxc6 bxc6 21.Rab1 b5 22.axb5 cxb5
23.Rxb5 Rxb5 24.Rxb5 Bc4 25.Rb2 Rd1+ 26.Bf1 h5 27.f3 g6 28.Kf2 Kg7 29.h4 Kf6
30.Bg2 Ra1 31.f4 Ra2 32.Rxa2 Bxa2 33.e4 Ke6 34.Ke3 Kd6 35.Kd4 Bb3 36.Bf1 Ke7
37.Be2 Ba2 38.Bc4 Bb1 39.Bd3 Ba2 40.e5 Be6 41.Ke3 Bg4 42.Bc4 Bd7 43.Be2 Be6
44.Bd3 Bd7 45.Be2 Bf5 46.Bc4 Bd7 47.Bd3 f5 48.Kd4 Ba4 49.Kc5 Bb3 50.Bc4 Ba4
51.Kb6 Be8 52.Kc7 Ba4 53.Bg8 Kf8 54.Bd5 Ke7 55.Bc4 Be8 56.Bg8 Ba4 57.e6 Bb3
58.Bf7 Kf6 59.Kd6 Ba4 60.Kc7 Bb3 61.Kd7 Ba4+ 62.Kd8 Bb3 63.Ke8 Bc4 64.Kf8 Bb3
65.Bg8  1-0

[Event "XVIII Open"]
[Site "Pula CRO"]
[Date "2004.06.21"]
[Round "2"]
[White "Wirig,A"]
[Black "Shtivelband,V"]
[Result "1/2-1/2"]
[WhiteElo "2422"]
[BlackElo "2204"]

1.c4 e5 2.g3 Nc6 3.Bg2 g6 4.Nc3 Bg7 5.d3 d6 6.Rb1 a5 7.a3 Nge7 8.b4 axb4
9.axb4 O-O 10.e3 e4 11.Nxe4 d5 12.cxd5 Nxd5 13.Bd2 Ra3 14.Nf3 Bf5 15.Qc2 Bxe4
16.dxe4 Nc3 17.Bxc3 Bxc3+ 18.Kf1 Qf6 19.e5 Nxe5 20.Nxe5 Qxe5 21.Qe4 Qb5+
22.Kg1 Re8 23.Qxb7 Qd3 24.Rf1 Rxe3 25.h4 Bd4 26.h5 gxh5  1/2-1/2

[Event "XVIII Open"]
[Site "Pula CRO"]
[Date "2004.06.22"]
[Round "4"]
[White "Cvitan,O"]
[Black "Fercec,N"]
[Result "1-0"]
[WhiteElo "2524"]
[BlackElo "2460"]

1.c4 e5 2.g3 Nf6 3.Bg2 d5 4.cxd5 Nxd5 5.Nc3 Nb6 6.Nf3 Nc6 7.O-O Be7 8.a3 O-O
9.b4 Re8 10.Rb1 Bf8 11.d3 Bg4 12.h3 Bh5 13.Re1 a5 14.b5 Nd4 15.Nxd4 exd4
16.Ne4 Nd5 17.Qb3 Kh8 18.Bb2 f5 19.Nd2 Nc3 20.Bxc3 a4 21.Qc2 dxc3 22.Qxc3 Bxe2
23.Bxb7 Rb8 24.Bc6 Re7 25.d4 g6 26.Nc4 Bxc4 27.Qxc4 f4 28.g4 Bg7 29.Qxa4 Qd6
30.Rxe7 Qxe7 31.Qb4 Qe2 32.Kg2 Qd3 33.Rb3 Qxd4 34.a4 Qf6 35.a5 f3+ 36.Bxf3 Bf8
37.Qc4  1-0

[Event "TCh-GRE"]
[Site "Aghia Pelagia GRE"]
[Date "2004.07.05"]
[Round "2"]
[White "Goritsas,C"]
[Black "Katzourakis,P"]
[Result "1/2-1/2"]
[WhiteElo "2211"]
[BlackElo "2106"]

1.c4 e5 2.g3 Nf6 3.Bg2 d5 4.cxd5 Nxd5 5.Nf3 Nc6 6.O-O Nb6 7.d3 Be7 8.Nbd2 O-O
9.a3 Re8 10.b4 Bf8 11.Bb2 a6 12.Qc2 Bg4 13.h3 Bh5 14.Rac1 Rc8 15.Rfe1 Kh8
16.Qb1 Bd6 17.Nb3 Qe7 18.Nfd2 f5 19.Nc5 Qg5 20.Nxb7 Ne7 21.Nc4 Nxc4 22.Rxc4 f4
23.Qc1 Bf7 24.gxf4 Qg6 25.f5 Qxf5 26.Rg4 h6 27.Qd2 Ng6 28.Kh2 Nf4 29.Rg1 Qh5
30.Nxd6 cxd6 31.Rxf4 exf4 32.Bf3 Qh4 33.Rxg7 Re5 34.Rg2 Be6 35.Bg4 Bxg4 36.Rxg4 Qxf2+
37.Rg2 Qf1 38.Rg1 Qf2+ 39.Rg2 Qh4 40.Rg4 Qf2+ 41.Rg2  1/2-1/2

[Event "Open A"]
[Site "Klatovy CZE"]
[Date "2004.07.05"]
[Round "3"]
[White "Sykora,P"]
[Black "Hacaperkova,L"]
[Result "1-0"]
[WhiteElo "2069"]
[BlackElo "1967"]

1.c4 e5 2.g3 g6 3.Bg2 Bg7 4.Nc3 Nc6 5.Nf3 d6 6.O-O Nge7 7.d3 O-O 8.Rb1 Be6
9.b4 Qd7 10.Ng5 Nd8 11.Nxe6 Qxe6 12.b5 c6 13.bxc6 bxc6 14.Ba3 Qd7 15.Qa4 Nc8
16.Qa6 Re8 17.Rb3 f5 18.Rfb1 Re7 19.Nd5 Rf7 20.Bc1 h6 21.Be3 g5 22.Bb6 Nb7
23.Nc7 Rb8 24.Bxa7 Nxa7 25.Rxb7 Rxb7 26.Rxb7 Nc8 27.Bxc6 Qe7 28.Bd5  1-0

[Event "ch-NOR"]
[Site "Molde NOR"]
[Date "2004.07.09"]
[Round "8"]
[White "Lie,K"]
[Black "Dannevig,O"]
[Result "1-0"]
[WhiteElo "2430"]
[BlackElo "2372"]

1.c4 e5 2.g3 Nf6 3.Bg2 d5 4.cxd5 Nxd5 5.Nf3 Nc6 6.O-O Nb6 7.d3 Be7 8.Nbd2 O-O
9.a3 a5 10.b3 Be6 11.Bb2 f6 12.Qc2 Qd7 13.Rfd1 Rad8 14.Rac1 Rfe8 15.Nc4 Nxc4
16.dxc4 Qc8 17.Nh4 g5 18.Nf3 Bf5 19.Qc3 Bc5 20.Rd5 b6 21.Rcd1 Bd4 22.Nxd4 Nxd4
23.R1xd4 exd4 24.Qxd4 Rf8 25.e4 Bg6 26.e5 c6 27.Rd6 Rxd6 28.exd6 c5 29.Qd5+ Kg7
30.d7 Qd8 31.Qe6 Bc2 32.Bd5 Bxb3 33.Qf5 h6 34.h4 Bc2 35.Qxc2 Qxd7 36.h5 Qe8
37.Qf5 Qxh5 38.Qd7+ Rf7 39.Qe6 Qg6 40.Be4 Qh5 41.g4  1-0

[Event "ch-NOR"]
[Site "Molde NOR"]
[Date "2004.07.09"]
[Round "8"]
[White "Leer Salvesen,B"]
[Black "Kristensen,Bj"]
[Result "0-1"]
[WhiteElo "2341"]
[BlackElo "2375"]

1.c4 e5 2.g3 Nf6 3.Bg2 Nc6 4.Nc3 Bc5 5.d3 a6 6.e3 O-O 7.Nge2 d6 8.O-O h6
9.d4 Ba7 10.b3 Bf5 11.Bb2 Qd7 12.Nd5 Nh7 13.f4 Bg4 14.Bf3 Bxf3 15.Rxf3 Rfe8
16.Kg2 Rad8 17.Qd2 exd4 18.Nxd4 Nxd4 19.Bxd4 Bxd4 20.Qxd4 c6 21.Nc3 d5 22.cxd5 cxd5
23.Rd1 Nf6 24.h3 h5 25.Qd3 Qe6 26.f5 Qe5 27.Qd4 Rc8 28.Qxe5 Rxe5 29.Rd3 Ne4
30.Nxd5 Rc2+ 31.Kg1 Ng5 32.Rf4 Nxh3+ 33.Kf1 Nxf4 34.gxf4 Re4 35.f6 Kf8 36.a4 h4
37.Kg1 Re6 38.f5 Re8 39.fxg7+ Kxg7 40.Nf4 Kf6 41.Rd7 Kxf5 42.Rxf7+ Ke4 43.Kf1 Rd8
44.Ke1 Kxe3 45.Rxb7 Rc1+  0-1

[Event "IMB"]
[Site "Brno CZE"]
[Date "2004.07.11"]
[Round "9"]
[White "Smolen,J"]
[Black "Schwarz,D"]
[Result "1-0"]
[WhiteElo "2306"]
[BlackElo "2269"]

1.c4 e5 2.g3 Nf6 3.Bg2 c6 4.d4 Bb4+ 5.Bd2 Bxd2+ 6.Qxd2 d6 7.Nc3 O-O 8.Nf3 Bg4
9.O-O Nbd7 10.Rfd1 Re8 11.Nh4 Nb6 12.b3 Qe7 13.h3 Bh5 14.dxe5 Qxe5 15.g4 Bg6
16.Nf3 Qa5 17.Nd5 Qxd2 18.Nxf6+ gxf6 19.Rxd2 d5 20.cxd5 Nxd5 21.Nd4 Rad8
22.e3 Be4 23.Bxe4 Rxe4 24.Nf5 Rd7 25.Rad1 Re8 26.Kg2 Red8 27.Kf3 Kf8 28.e4 Nb6
29.Rxd7 Rxd7 30.Rd6 a5 31.Rxf6 Rd3+ 32.Ke2 Rxh3 33.Nh6 a4 34.Rxf7+ Ke8 35.Rxh7 axb3
36.axb3 Nd7 37.Rh8+ Nf8 38.g5 Rh1 39.f4 c5 40.Kf2 Rxh6  1-0

[Event "TCh-EY w"]
[Site "Obrenovac SCG"]
[Date "2004.07.12"]
[Round "3"]
[White "Pertlova,S"]
[Black "Padurariu,I"]
[Result "1/2-1/2"]
[WhiteElo "2098"]
[BlackElo "2107"]

1.c4 e5 2.g3 Nc6 3.Bg2 g6 4.Nc3 Bg7 5.e3 d6 6.Nge2 f5 7.O-O Nf6 8.d3 O-O
9.b3 g5 10.f4 h6 11.Bb2 Ne7 12.d4 exf4 13.exf4 c6 14.Qd2 Nh7 15.d5 c5 16.Na4 Ng6
17.Bxg7 Kxg7 18.Rae1 Bd7 19.Nac3 a6 20.a4 Rb8 21.Qd3 Nf6 22.Bh3 Nh5 23.Rf2 Qf6
24.Ref1 gxf4 25.Nxf4 Nhxf4 26.gxf4 Rbe8 27.Ne2 Qh4 28.Rg2 Kh7 29.Rg3 Qe7
30.Nc3 Nh4 31.Kh1 Rg8 32.Rfg1 Rxg3 33.Qxg3 Qf6 34.Bf1 Ng6 35.Bd3 Rg8 36.Bc2 Ne7
37.Qe3 Rxg1+ 38.Kxg1 a5 39.Ne2 h5 40.Qc3 Qxc3 41.Nxc3 h4 42.Kg2 Ng6 43.Kf3 Kg7
44.Ke3 Ne7 45.Bd1 Ng8 46.Bf3 Nf6 47.h3 Kf8 48.Ne2 Be8 49.Nc3  1/2-1/2

[Event "111th ch-SCO"]
[Site "Hamilton SCO"]
[Date "2004.07.13"]
[Round "4"]
[White "Pritchett,C"]
[Black "Kafka,G"]
[Result "1/2-1/2"]
[WhiteElo "2284"]
[BlackElo "2143"]

1.c4 e5 2.g3 Nc6 3.Bg2 f5 4.Nc3 Nf6 5.d3 g6 6.e3 Bg7 7.Nge2 O-O 8.O-O d6
9.Bd2 Be6 10.Nd5 Ne7 11.Nxf6+ Bxf6 12.Bxb7 Rb8 13.Bg2 Rxb2 14.Bc3 Rb8 15.Qa4 Nc8
16.Rab1 Nb6 17.Qxa7 e4 18.Nf4 Bxc3 19.Nxe6 Qc8 20.Qa3 Qxe6 21.Qxc3 Ra8 22.dxe4 fxe4
23.c5 Na4 24.Qb3 d5 25.Qb4 Qf6 26.Rb3 Qc6 27.Rc1 Nb6 28.Rc2 Nc4 29.Bf1 Ne5
30.Be2 Qf6 31.Qe1 Rf7 32.Rcb2 Raf8 33.Rb8 Kg7 34.Rxf8 Rxf8 35.Rd2 c6 36.a4 Ra8
37.Ra2 Qd8 38.a5 Qb8 39.Qa1 Kf6 40.a6 Qb4 41.Rc2 Ke6 42.Qc3 Qxc3 43.Rxc3 Nd3
44.Bxd3 exd3 45.Rxd3 Rxa6 46.Kg2 Ra5 47.Rc3 Ke5 48.h4 d4 49.Rd3 dxe3 50.Rxe3+ Kf5
51.Rc3 Ke5 52.g4 Kd5 53.Rc1  1/2-1/2

[Event "XIII Open"]
[Site "Castellar del Valles ESP"]
[Date "2004.07.14"]
[Round "1"]
[White "Granados Gomez,M"]
[Black "De la Riva Aguado,J"]
[Result "1/2-1/2"]
[WhiteElo "2426"]
[BlackElo "2281"]

1.c4 e5 2.g3 Nf6 3.Bg2 c6 4.d4 d6 5.Nc3 Be7 6.e3 O-O 7.Nge2 Qc7 8.O-O Be6
9.b3 Na6 10.Bb2 Rad8 11.d5 cxd5 12.cxd5 Bd7 13.e4 Rc8 14.h3 Ne8 15.Bc1 Bf6
16.Be3 Qb8 17.Rc1 Nec7 18.Qd2 Nb5 19.Nb1 Rxc1 20.Rxc1 Rc8 21.Kh2 Rxc1 22.Nxc1 Nbc7
23.Nd3 Bd8 24.f4 f6 25.g4 Ne8 26.g5 Qc7 27.gxf6 gxf6 28.Nc3 Ng7 29.Nd1 b6
30.N1b2 Nc5 31.Nf2 Be8 32.Nh1 Nd7 33.Nd3 Nf8 34.f5 Nd7 35.Bh6 Be7 36.Ng3 Bf8
37.Bf3 Bf7 38.Nf2 Qc5 39.Ng4 Qc7 40.Bg5 Be7 41.Nh6+ Kf8 42.Nxf7 Kxf7 43.Bh6 Bf8
44.Qf2 Ne8 45.Bh5+ Ke7 46.Bxf8+ Nxf8 47.Ne2 Kd8 48.Bxe8 Kxe8 49.Ng3 Qc1 50.Qe2 Qf4
51.Kg2 Ke7  1/2-1/2

[Event "111th ch-SCO"]
[Site "Hamilton SCO"]
[Date "2004.07.14"]
[Round "5"]
[White "Grant,A"]
[Black "Pritchett,C"]
[Result "1/2-1/2"]
[WhiteElo "2193"]
[BlackElo "2284"]

1.c4 e5 2.g3 Nf6 3.Bg2 h6 4.a3 g6 5.Nc3 Bg7 6.e4 d6 7.Nge2 O-O 8.O-O c6 9.d3 Nbd7
10.h3 a5 11.Be3 Nc5 12.b4 axb4 13.axb4 Rxa1 14.Qxa1 Ne6 15.Qc1 Kh7 16.f4 Nd7
17.f5 Nd4 18.g4 g5 19.Qd2 Bf6 20.Kf2 Rh8 21.Rb1 Kg7 22.Ng3 b6 23.Nh5+ Kf8
24.Qb2 Bb7 25.Ra1 Be7 26.Ne2 Nxe2 27.Kxe2 f6 28.Ng3 Qb8 29.Bf3 Qc7 30.Kf2 c5
31.b5 Kf7 32.h4 Ra8 33.Rh1 Nf8 34.hxg5 hxg5 35.Ke1 Bc8 36.Qh2 Ra1+ 37.Bd1 Ke8
38.Qh8 Qa7 39.Nh5 Qa5+ 40.Ke2 Ra2+ 41.Kf3 Qa3 42.Be2 Ra1 43.Rxa1 Qxa1 44.Nxf6+ Bxf6
45.Qxf6 Qh1+ 46.Kf2 Qh4+ 47.Kf1 Qh3+ 48.Kf2  1/2-1/2